[Event "Cto Aragon Equipos 2016 Pref Gr I"]
[Site "Aragon"]
[Date "2016.03.12"]
[Round "7.41"]
[White "Soriano Ascaso, Ignacio"]
[Black "Sancho Casale, Jesus"]
[Result "1-0"]
[WhiteElo "2140"]
[BlackElo "1997"]
[PlyCount "63"]
[EventDate "2016.??.??"]
[EventType "team-tourn"]
[EventRounds "9"]
[WhiteTeam "Sabiñanigo"]
[BlackTeam "Tauste"]

1. e4 e5 2. Nf3 Nf6 3. Nxe5 d6 4. Nf3 Nxe4 5. Qe2 Qe7 6. d3 Nf6 7. Bg5 Qxe2+ 8.
Bxe2 Be7 9. Nc3 c6 10. O-O-O Nbd7 11. Rhe1 Nc5 12. Bf1 Ne6 13. Bh4 d5 14. h3 d4
15. Ne4 c5 16. Nxf6+ gxf6 17. Nd2 f5 18. Bxe7 Kxe7 19. Re5 Kf6 20. Rde1 Bd7 21.
Nc4 b6 22. Nd6 Ng7 23. g4 fxg4 24. hxg4 Bxg4 25. f4 Bf5 26. Bh3 Bg6 27. f5 Bh5
28. Bg2 Rad8 29. Rd5 Ne8 30. Ne4+ Ke7 31. f6+ Nxf6 32. Ng5+ 1-0

[Event "Cto Aragon Equipos 2016 Pref Gr I"]
[Site "Aragon"]
[Date "2016.03.12"]
[Round "7.42"]
[White "Vera Jimenez, Andres"]
[Black "Avellanas Tomas, Jose"]
[Result "0-1"]
[WhiteElo "1967"]
[BlackElo "1945"]
[PlyCount "88"]
[EventDate "2016.??.??"]
[EventType "team-tourn"]
[EventRounds "9"]
[WhiteTeam "Tauste"]
[BlackTeam "Sabiñanigo"]

1. Nf3 c5 2. c4 Nf6 3. Nc3 Nc6 4. g3 g6 5. Bg2 Bg7 6. O-O O-O 7. d3 d6 8. a3
Rb8 9. Rb1 b6 10. Bd2 Bb7 11. b4 Re8 12. b5 Nd4 13. Nxd4 cxd4 14. Na2 d5 15.
Nb4 e5 16. Qb3 dxc4 17. Qxc4 Rc8 18. Qa2 Bxg2 19. Kxg2 Qd7 20. a4 e4 21. Nc6
exd3 22. exd3 Re2 23. Rfe1 Rce8 24. Rxe2 Rxe2 25. Re1 Qe8 26. Kf1 Rxe1+ 27.
Bxe1 a5 28. Qe2 Qxe2+ 29. Kxe2 Nd7 30. Ne7+ Kf8 31. Nd5 Ke8 32. g4 Kd8 33. Bd2
Be5 34. f4 Bc7 35. Kf3 f5 36. gxf5 gxf5 37. Be1 Nc5 38. Bh4+ Kd7 39. Bf2 Kd6
40. Nf6 Nxa4 41. Bxd4 Nc5 42. Nxh7 Kd5 43. Bb2 Nxd3 44. Ba1 Bxf4 0-1

[Event "Cto Aragon Equipos 2016 Pref Gr I"]
[Site "Aragon"]
[Date "2016.03.12"]
[Round "7.43"]
[White "Climente Martinez, Jose Luis"]
[Black "Bogomilov Georgiev, Georgi Ii"]
[Result "1-0"]
[WhiteElo "1924"]
[BlackElo "1953"]
[PlyCount "67"]
[EventDate "2016.??.??"]
[EventType "team-tourn"]
[EventRounds "9"]
[WhiteTeam "Sabiñanigo"]
[BlackTeam "Tauste"]

1. d4 Nf6 2. Nf3 e6 3. c4 Bb4+ 4. Bd2 Qe7 5. a3 Bxd2+ 6. Qxd2 O-O 7. Nc3 d6 8.
e4 e5 9. Bd3 Bg4 10. d5 a5 11. Qe3 Na6 12. Nd2 Nc5 13. O-O a4 14. Bc2 Nh5 15.
h3 Bd7 16. Ne2 Ra6 17. g4 Nf6 18. Ng3 Rb6 19. Rab1 h5 20. f3 hxg4 21. fxg4 Nh7
22. Nf3 Nb3 23. Nf5 Bxf5 24. exf5 Re8 25. Rf2 e4 26. Re1 Nc5 27. g5 f6 28. g6
Ng5 29. Nh2 Qe5 30. Ng4 Qe7 31. h4 Nf7 32. gxf7+ Kxf7 33. Qd4 Nb3 34. Qxe4 1-0

[Event "Cto Aragon Equipos 2016 Pref Gr I"]
[Site "Aragon"]
[Date "2016.03.12"]
[Round "7.44"]
[White "Muro Turon, Raul"]
[Black "Garcia Estruch, Jorge"]
[Result "1-0"]
[WhiteElo "1909"]
[BlackElo "1883"]
[PlyCount "63"]
[EventDate "2016.??.??"]
[EventType "team-tourn"]
[EventRounds "9"]
[WhiteTeam "Tauste"]
[BlackTeam "Sabiñanigo"]

1. e4 e5 2. Nf3 Nc6 3. d4 exd4 4. Bc4 Nf6 5. e5 d5 6. Bb5 Ne4 7. Nxd4 Bc5 8.
Be3 Bd7 9. Bxc6 bxc6 10. Nd2 Nxd2 11. Qxd2 O-O 12. O-O Re8 13. f4 Bb6 14. Nb3
Qe7 15. Qc3 Rad8 16. Bd4 Qe6 17. Nc5 Qf5 18. Rae1 Bc8 19. Re3 Bxc5 20. Qxc5 Ba6
21. Rf2 Qd7 22. Ra3 Bb5 23. Rxa7 Ra8 24. a4 Bxa4 25. b3 Bb5 26. Rf3 Qf5 27.
Rxa8 Rxa8 28. h3 Qe4 29. f5 Ra2 30. c3 Be2 31. Qe7 h6 32. e6 1-0

[Event "Cto Aragon Equipos 2016 Pref Gr I"]
[Site "Aragon"]
[Date "2016.03.12"]
[Round "7.45"]
[White "Cifuentes Parada, Roberto"]
[Black "Antonano Fedz-Quincoces, Aveli"]
[Result "1-0"]
[WhiteElo "2469"]
[BlackElo "2006"]
[PlyCount "121"]
[EventDate "2016.??.??"]
[EventType "team-tourn"]
[EventRounds "9"]
[WhiteTeam "Jaque"]
[BlackTeam "St. Casablanca D"]

1. d4 g6 2. c4 Bg7 3. e4 c5 4. d5 d6 5. f4 f5 6. exf5 Bxf5 7. Bd3 Nh6 8. Nf3
Na6 9. O-O O-O 10. Nc3 Nc7 11. Re1 Qd7 12. Bxf5 Nxf5 13. Qd3 Rae8 14. Bd2 e6
15. dxe6 Nxe6 16. Kh1 Ned4 17. Nxd4 Nxd4 18. Re4 Rxe4 19. Qxe4 Re8 20. Qd5+ Qf7
21. Qxf7+ Kxf7 22. Rd1 a6 23. b3 b5 24. Kg1 bxc4 25. bxc4 Ne2+ 26. Nxe2 Rxe2
27. Kf1 Re4 28. Rc1 Ke6 29. Kf2 d5 30. cxd5+ Kxd5 31. Kf3 Ra4 32. Rc2 Ra3+ 33.
Ke2 Bd4 34. Bc1 Ra4 35. Kf3 c4 36. Re2 c3 37. g4 Rb4 38. Re7 Rb1 39. Rd7+ Kc4
40. Be3 Bxe3 41. Kxe3 Re1+ 42. Kf2 Re6 43. Rxh7 c2 44. Rc7+ Kd3 45. f5 gxf5 46.
Rd7+ Kc3 47. Rc7+ Kb2 48. Rb7+ Kxa2 49. Rc7 Kb2 50. Rb7+ Kc1 51. g5 Rd6 52. h4
Kd2 53. Rc7 Rd4 54. h5 Rg4 55. Rd7+ Kc1 56. g6 Kb2 57. Rb7+ Kc1 58. g7 Kd2 59.
Rd7+ Kc3 60. Rc7+ Kb2 61. h6 1-0

[Event "Cto Aragon Equipos 2016 Pref Gr I"]
[Site "Aragon"]
[Date "2016.03.12"]
[Round "7.46"]
[White "Alvarez Gonzalo, Miguel Angel"]
[Black "Ereza Vizcarra, Fernando"]
[Result "0-1"]
[WhiteElo "1896"]
[BlackElo "1937"]
[PlyCount "78"]
[EventDate "2016.??.??"]
[EventType "team-tourn"]
[EventRounds "9"]
[WhiteTeam "St. Casablanca D"]
[BlackTeam "Jaque"]

1. c4 Nf6 2. Nc3 d6 3. g3 c6 4. Bg2 e5 5. d3 g6 6. Bg5 h6 7. Bd2 Bg7 8. Qc1 Be6
9. Nf3 Nbd7 10. O-O Qc7 11. Rb1 a5 12. a3 a4 13. b4 axb3 14. Rxb3 b5 15. Rb4
bxc4 16. dxc4 Nb6 17. Nb1 c5 18. Rxb6 Qxb6 19. Nxe5 Rc8 20. Nd3 Qb3 21. Bf4
Qxc4 22. Bxd6 Qxc1 23. Rxc1 c4 24. Nc5 Bd5 25. Bxd5 Nxd5 26. Rxc4 Rc6 27. Bf4
Nxf4 28. gxf4 O-O 29. Nd2 Rfc8 30. Ndb3 Bf8 31. e3 Bxc5 32. Ra4 Bxa3 33. Nd4
Rc1+ 34. Kg2 Bf8 35. h4 Bg7 36. Nf3 R1c2 37. h5 gxh5 38. Ra5 R8c5 39. Ra1 Bxa1
0-1

[Event "Cto Aragon Equipos 2016 Pref Gr I"]
[Site "Aragon"]
[Date "2016.03.12"]
[Round "7.47"]
[White "Perez Puyal, Jose Joaquin"]
[Black "Arjol Lopez, Daniel"]
[Result "0-1"]
[WhiteElo "1855"]
[BlackElo "1836"]
[PlyCount "88"]
[EventDate "2016.??.??"]
[EventType "team-tourn"]
[EventRounds "9"]
[WhiteTeam "Jaque"]
[BlackTeam "St. Casablanca D"]

1. d4 d5 2. Nf3 Nf6 3. e3 c6 4. Bd3 Bg4 5. Nbd2 e6 6. O-O Bd6 7. c4 Nbd7 8. e4
dxe4 9. Nxe4 Nxe4 10. Bxe4 Nf6 11. Bc2 O-O 12. Bg5 h6 13. Bh4 Bc7 14. Qd3 Bf5
15. Qc3 g5 16. Bxf5 exf5 17. Nxg5 hxg5 18. Bxg5 Qd6 19. Qh3 Ne4 20. Bh6 Rfe8
21. g3 Qg6 22. Kh1 Re6 23. Be3 Kg7 24. Qg2 Rh8 25. Kg1 f4 26. gxf4 Qxg2+ 27.
Kxg2 Rg6+ 28. Kf3 f5 29. Rh1 Rh3+ 30. Ke2 Kf7 31. Rad1 Rg2 32. c5 Bxf4 33. Kf1
Rg4 34. Bxf4 Rxf4 35. Kg2 Rhh4 36. f3 Ng5 37. Rd3 Rxd4 38. Rhd1 Ne6 39. Kg3
Rxd3 40. Rxd3 Rd4 41. Rc3 Kf6 42. a3 Rd2 43. b4 f4+ 44. Kh3 Kf5 0-1

[Event "Cto Aragon Equipos 2016 Pref Gr I"]
[Site "Aragon"]
[Date "2016.03.12"]
[Round "7.48"]
[White "Gasca Uson, Miguel"]
[Black "Escartin Lacasa, Jose"]
[Result "0-1"]
[WhiteElo "1369"]
[BlackElo "1841"]
[PlyCount "78"]
[EventDate "2016.??.??"]
[EventType "team-tourn"]
[EventRounds "9"]
[WhiteTeam "St. Casablanca D"]
[BlackTeam "Jaque"]

1. c4 c6 2. e4 d5 3. exd5 cxd5 4. d4 Nf6 5. Nf3 e6 6. Nc3 Be7 7. cxd5 Nxd5 8.
Bc4 O-O 9. O-O Nc6 10. Re1 Bb4 11. Bxd5 exd5 12. a3 Ba5 13. Qd3 Qd6 14. Bd2 Rd8
15. Nb5 Qg6 16. Qxg6 hxg6 17. Bxa5 Nxa5 18. Re7 Kf8 19. Rae1 Be6 20. Rc7 a6 21.
Nc3 Rac8 22. Rxc8 Rxc8 23. Ng5 Bf5 24. Nxd5 Rd8 25. Nc7 Nc4 26. d5 Nxb2 27. h3
Nc4 28. g4 Bd7 29. Nge6+ fxe6 30. dxe6 Re8 31. Nxe8 Bxe8 32. e7+ Kf7 33. f4
Nxa3 34. Kf2 b5 35. Kf3 b4 36. f5 gxf5 37. gxf5 b3 38. Re2 Nc4 39. Re3 Nxe3 0-1

[Event "Cto Aragon Equipos 2016 Pref Gr II"]
[Site "Aragon"]
[Date "2016.03.12"]
[Round "7.50"]
[White "Rodriguez Leiva, Manuel"]
[Black "Landa Galindo, Victor"]
[Result "1-0"]
[WhiteElo "1937"]
[BlackElo "1847"]
[PlyCount "61"]
[EventDate "2016.01.30"]
[WhiteTeam "Jaime Casas B"]
[BlackTeam "L'Aurora Estadilla B"]

1. c4 Nf6 2. Nc3 g6 3. g3 e5 4. Bg2 Bg7 5. Nf3 d6 6. O-O O-O 7. d4 Nc6 8. d5
Na5 9. Nd2 b6 10. b4 Nb7 11. Bb2 a5 12. a3 Bd7 13. Nce4 Nxe4 14. Nxe4 f5 15.
Nd2 Qe7 16. Rc1 axb4 17. axb4 Ra2 18. Qb3 Rfa8 19. Nb1 R2a7 20. Qe3 e4 21. Bd4
Ra4 22. Bxg7 Qxg7 23. Qd2 Ra2 24. Rc2 Rxc2 25. Qxc2 Qe5 26. e3 Ra1 27. Nc3 Ra3
28. Rc1 c5 29. dxc6 Bxc6 30. Nb5 Nd8 31. Nxa3 1-0

[Event "Cto Aragon Equipos 2016 Pref Gr II"]
[Site "Aragon"]
[Date "2016.03.12"]
[Round "7.51"]
[White "Puertolas Serena, Arturo"]
[Black "Buil Rello, Jose Antonio"]
[Result "1-0"]
[WhiteElo "1846"]
[BlackElo "1879"]
[PlyCount "99"]
[EventDate "2016.01.30"]
[WhiteTeam "L'Aurora Estadilla B"]
[BlackTeam "Jaime Casas B"]

1. d4 Nf6 2. Nf3 d6 3. e3 Nbd7 4. Be2 g6 5. b3 Bg7 6. Nbd2 c6 7. O-O O-O 8. Bb2
a6 9. a4 Qc7 10. Rc1 e5 11. Ba3 Re8 12. Nc4 c5 13. dxe5 dxe5 14. Qd6 Qxd6 15.
Nxd6 Re6 16. Rfd1 Bf8 17. Nxc8 Rxc8 18. Ng5 Re7 19. Bb2 h6 20. Nf3 Rc6 21. Nd2
Re8 22. Nc4 b5 23. axb5 axb5 24. Na3 b4 25. Nc4 Ra8 26. Ra1 Rxa1 27. Rxa1 Re6
28. Ra7 h5 29. f3 Bd6 30. e4 Kf8 31. Ne3 Nb6 32. Rb7 Nfd7 33. Bb5 Re7 34. Bxd7
Nxd7 35. Nd5 Ke8 36. Nxe7 Kxe7 37. Kf1 Ke6 38. Ke2 f5 39. Ra7 Nb8 40. Rb7 Nd7
41. c3 bxc3 42. Bxc3 Be7 43. Bd2 Kd6 44. Ra7 Bd8 45. Ra8 Be7 46. Rg8 Nf8 47.
exf5 gxf5 48. Bg5 f4 49. Bxe7+ Kxe7 50. Rg5 1-0

[Event "Cto Aragon Equipos 2016 Pref Gr II"]
[Site "Aragon"]
[Date "2016.03.12"]
[Round "7.52"]
[White "Olivan Alvira, Alejandro"]
[Black "Rodriguez Avellanas, Jose Manu"]
[Result "1/2-1/2"]
[WhiteElo "1529"]
[BlackElo "1784"]
[PlyCount "53"]
[EventDate "2016.01.30"]
[WhiteTeam "Jaime Casas B"]
[BlackTeam "L'Aurora Estadilla B"]

1. c4 Nf6 2. Nc3 g6 3. e4 d6 4. d4 Bg7 5. Be2 O-O 6. Be3 Nbd7 7. Qd2 Re8 8. g4
Rf8 9. h4 e5 10. d5 Nc5 11. f3 h5 12. Bg5 hxg4 13. Bxf6 Bxf6 14. Qh6 Bg7 15.
Qe3 g3 16. Qg5 Qxg5 17. hxg5 a6 18. Kf1 f5 19. gxf6 Bxf6 20. Kg2 Bg5 21. Kxg3
Kg7 22. Rf1 Bf4+ 23. Kg2 Rh8 24. Rxh8 Kxh8 25. Nh3 Bxh3+ 26. Kxh3 Kg7 27. Kg2
1/2-1/2

[Event "Cto Aragon Equipos 2016 Pref Gr II"]
[Site "Aragon"]
[Date "2016.03.12"]
[Round "7.53"]
[White "Fabre Perez, Jose Maria"]
[Black "Campo Millan, Diego"]
[Result "1/2-1/2"]
[WhiteElo "2057"]
[BlackElo "2062"]
[PlyCount "69"]
[EventDate "2016.01.30"]
[WhiteTeam "Marcos Frechin B"]
[BlackTeam "Delicias B"]

1. e4 c5 2. d4 cxd4 3. c3 d3 4. Bxd3 Nc6 5. Nf3 d6 6. O-O Nf6 7. Nbd2 e6 8. Nd4
Be7 9. Kh1 e5 10. Nxc6 bxc6 11. Nc4 Qc7 12. f4 O-O 13. Qe1 Be6 14. Ne3 Rfe8 15.
f5 Bc8 16. g4 h6 17. h4 Nh7 18. Bc4 Qd8 19. Ng2 d5 20. Bb3 Bb7 21. Be3 d4 22.
cxd4 exd4 23. Bf4 c5 24. Bg3 Nf6 25. e5 Nxg4 26. e6 f6 27. Bf4 Kh8 28. Qg3 h5
29. Bd1 c4 30. Bxg4 hxg4 31. Qxg4 Qb6 32. Qh5+ Kg8 33. Qf7+ Kh8 34. Qh5+ Kg8
35. Qf7+ 1/2-1/2

[Event "Cto Aragon Equipos 2016 Pref Gr II"]
[Site "Aragon"]
[Date "2016.03.12"]
[Round "7.54"]
[White "Dominguez Luzon, Fernando"]
[Black "Sancho Cortes, Miguel Angel"]
[Result "1/2-1/2"]
[WhiteElo "1975"]
[BlackElo "2043"]
[PlyCount "111"]
[EventDate "2016.01.30"]
[WhiteTeam "Delicias B"]
[BlackTeam "Marcos Frechin B"]

1. e4 c5 2. Nf3 Nf6 3. Nc3 e6 4. d4 cxd4 5. Nxd4 Nc6 6. Be3 Bb4 7. Bd3 d5 8.
Nxc6 bxc6 9. exd5 exd5 10. a3 Bd6 11. h3 Qe7 12. Qe2 O-O 13. Bg5 Qxe2+ 14. Kxe2
Be5 15. Kd2 h6 16. Bh4 Rb8 17. Rab1 Nh5 18. g4 Nf4 19. Bg3 Nxd3 20. cxd3 Bxg3
21. fxg3 f5 22. gxf5 Bxf5 23. b4 Rbe8 24. g4 Bg6 25. Rbe1 Rf2+ 26. Re2 Rexe2+
27. Nxe2 Rf3 28. Nc1 d4 29. Rh2 Kf7 30. h4 Ke6 31. Rg2 Kd6 32. Ke2 Re3+ 33. Kd2
Rh3 34. h5 Bf7 35. Rf2 Be6 36. Ne2 c5 37. bxc5+ Kxc5 38. Nf4 Re3 39. Nxe6+ Rxe6
40. Rf7 Ra6 41. Rxg7 Rxa3 42. Rg6 Ra2+ 43. Ke1 Rg2 44. g5 hxg5 45. h6 Rh2 46.
Rxg5+ Kb4 47. Rg7 a5 48. h7 a4 49. Kf1 a3 50. Kg1 Rh6 51. Rb7+ Kc3 52. Ra7 Kd2
53. Kf2 Kxd3 54. Rxa3+ Kd2 55. Ra2+ Kd3 56. Ra7 1/2-1/2

[Event "Cto Aragon Equipos 2016 Pref Gr II"]
[Site "Aragon"]
[Date "2016.03.12"]
[Round "7.55"]
[White "Gaspar Calvo, Luis Alberto"]
[Black "Pes Mateo, Angel"]
[Result "0-1"]
[WhiteElo "1930"]
[BlackElo "1967"]
[PlyCount "52"]
[EventDate "2016.01.30"]
[WhiteTeam "Marcos Frechin B"]
[BlackTeam "Delicias B"]

1. e4 c5 2. Nf3 d6 3. d4 Nf6 4. Nc3 cxd4 5. Nxd4 a6 6. Bc4 e6 7. Bb3 b5 8. Qf3
Bb7 9. Bg5 Be7 10. O-O-O b4 11. Bxf6 Bxf6 12. Na4 O-O 13. Rhe1 Qa5 14. c3 Nc6
15. Nxc6 Bxc6 16. cxb4 Qxb4 17. Nc3 a5 18. Rd3 a4 19. Bd1 Rab8 20. Re2 Rfc8 21.
a3 Qc5 22. Bc2 Bb5 23. Nxb5 Qxb5 24. Kd1 Qxb2 25. h4 Qa1+ 26. Kd2 Rxc2+ 0-1

[Event "Cto Aragon Equipos 2016 Pref Gr II"]
[Site "Aragon"]
[Date "2016.03.12"]
[Round "7.56"]
[White "Sanchez Perez, Jose Felix"]
[Black "Forcen Esteban, Victor"]
[Result "0-1"]
[WhiteElo "1578"]
[BlackElo "1897"]
[PlyCount "82"]
[EventDate "2016.01.30"]
[WhiteTeam "Delicias B"]
[BlackTeam "Marcos Frechin B"]

1. e4 c5 2. Nc3 d6 3. Nf3 Nf6 4. Be2 a6 5. d4 cxd4 6. Nxd4 Nbd7 7. O-O b5 8. a4
b4 9. Nd5 Nxd5 10. exd5 Bb7 11. Bf3 Ne5 12. Be4 g6 13. b3 Bg7 14. Rb1 O-O 15.
Bb2 Rc8 16. f4 Nd7 17. Kh1 Nf6 18. Qf3 Nxe4 19. Qxe4 Rc5 20. Nc6 Bxc6 21. dxc6
Bxb2 22. Rxb2 a5 23. Re1 e6 24. c3 bxc3 25. b4 d5 26. Qc2 Rc4 27. Rb3 axb4 28.
Reb1 Qa5 29. Ra1 Rb8 30. g3 Rxc6 31. h4 d4 32. Kh2 Qd5 33. Rd1 Ra6 34. Qa2 d3
35. Rg1 d2 36. Qc2 Qd4 37. Ra1 Rxa4 38. Rd1 Rba8 39. Rbb1 Ra2 40. Qb3 c2 41.
Qxb4 Qxb4 0-1

[Event "Cto Aragon Equipos 2016 Pref Gr II"]
[Site "Aragon"]
[Date "2016.03.12"]
[Round "7.57"]
[White "Lopez Caudevilla, David"]
[Black "Cebollada Pacheco, Jesus Raul"]
[Result "0-1"]
[WhiteElo "2031"]
[BlackElo "2015"]
[PlyCount "54"]
[EventDate "2016.01.30"]
[WhiteTeam "Actur Rey Fernando"]
[BlackTeam "St. Casablanca C"]

1. e4 e5 2. Nf3 Nc6 3. Bb5 a6 4. Ba4 Nf6 5. O-O Be7 6. Re1 b5 7. Bb3 d6 8. a4
Rb8 9. axb5 axb5 10. h3 O-O 11. c3 Bb7 12. d4 Ra8 13. Rxa8 Qxa8 14. Nbd2 exd4
15. cxd4 Nb4 16. Qe2 c5 17. dxc5 dxc5 18. e5 Nfd5 19. Qxb5 Ba6 20. Qd7 Rd8 21.
Qf5 g6 22. Qg4 Nd3 23. Rd1 N5f4 24. Kh2 h5 25. Qg3 h4 26. Qg4 Bc8 27. e6 f5 0-1

[Event "Cto Aragon Equipos 2016 Pref Gr II"]
[Site "Aragon"]
[Date "2016.03.12"]
[Round "7.58"]
[White "Garcia Andres, Daniel"]
[Black "Aviol Perez, Jose Mariano"]
[Result "1-0"]
[WhiteElo "2001"]
[BlackElo "1821"]
[PlyCount "43"]
[EventDate "2016.01.30"]
[WhiteTeam "St. Casablanca C"]
[BlackTeam "Actur Rey Fernando"]

1. e4 d6 2. Nc3 Nf6 3. f4 d5 4. e5 d4 5. Nce2 Nd5 6. Nxd4 Nxf4 7. Ngf3 Bg4 8.
c3 e6 9. Qa4+ Qd7 10. Nb5 c6 11. Qxf4 Bxf3 12. Qxf3 cxb5 13. d4 b4 14. Bd3 Be7
15. O-O O-O 16. Qh3 g6 17. Bh6 Rc8 18. Bd2 Bf8 19. Rf4 Nc6 20. Rh4 f5 21. exf6
Qf7 22. Bxg6 1-0

[Event "Cto Aragon Equipos 2016 Pref Gr II"]
[Site "Aragon"]
[Date "2016.03.12"]
[Round "7.59"]
[White "Fernandez Sierra, Pedro Jose"]
[Black "Abad Vinas, Jesus Manuel"]
[Result "1/2-1/2"]
[WhiteElo "1670"]
[BlackElo "1752"]
[PlyCount "43"]
[EventDate "2016.01.30"]
[WhiteTeam "Actur Rey Fernando"]
[BlackTeam "St. Casablanca C"]

1. e4 e6 2. d4 d5 3. e5 c5 4. c3 Qb6 5. Nf3 Nc6 6. a3 c4 7. Nbd2 Bd7 8. b3 cxb3
9. Qxb3 Qc7 10. Bd3 Rc8 11. Bb2 Be7 12. O-O f5 13. exf6 Nxf6 14. Rfe1 O-O 15.
Qc2 Bd6 16. h3 Bf4 17. Bb5 Bxd2 18. Qxd2 Ne4 19. Qe3 Rcd8 20. Re2 Be8 21. Bxc6
bxc6 22. Ne5 1/2-1/2

[Event "Cto Aragon Equipos 2016 Pref Gr II"]
[Site "Aragon"]
[Date "2016.03.12"]
[Round "7.60"]
[White "Ayensa Garcia, Miguel Angel"]
[Black "Arbiol Val, Sergio"]
[Result "1/2-1/2"]
[WhiteElo "1505"]
[BlackElo "1552"]
[PlyCount "101"]
[EventDate "2016.01.30"]
[WhiteTeam "St. Casablanca C"]
[BlackTeam "Actur Rey Fernando"]

1. e4 e5 2. Nf3 Nc6 3. Bb5 a6 4. Ba4 Nf6 5. d3 Bc5 6. O-O d6 7. c3 O-O 8. h3 b5
9. Bc2 a5 10. Nbd2 Ba6 11. Re1 Re8 12. Nf1 d5 13. Ng3 b4 14. Bg5 Be7 15. Ba4
Qd6 16. Nf5 Qe6 17. Bxc6 Qxc6 18. Nxe5 Qe6 19. Nxe7+ Rxe7 20. Ng4 Rd7 21. exd5
Qf5 22. Re5 Qg6 23. Nxf6+ gxf6 24. Bxf6 Qxf6 25. Qg4+ Kh8 26. Rae1 Rdd8 27. Qd4
Rg8 28. R1e3 Rg6 29. Rf3 Qg7 30. g3 Rg8 31. Ref5 Qxd4 32. cxd4 Bb7 33. Re3 Rd6
34. Rxf7 Bxd5 35. Rxc7 Rf8 36. Ree7 Bg8 37. Kf1 Rxd4 38. Ke2 Rfd8 39. Re3 Bxa2
40. Rce7 Bb1 41. Re8+ Kg7 42. R3e7+ Kf6 43. Re6+ Kf7 44. R6e7+ Kg6 45. Re6+ Kf5
46. Re5+ Kf6 47. R5e6+ Kf7 48. R6e7+ Kf6 49. Re6+ Kf5 50. Re5+ Kf6 51. R5e6+
1/2-1/2

[Event "Cto Aragon Equipos 2016 Pref Gr II"]
[Site "Aragon"]
[Date "2016.03.12"]
[Round "7.62"]
[White "Faro Perella, Alberto"]
[Black "Alonso Blasco, Jose Miguel"]
[Result "1-0"]
[WhiteElo "1966"]
[BlackElo "2064"]
[PlyCount "53"]
[EventDate "2016.01.30"]
[WhiteTeam "Binefar"]
[BlackTeam "Las Fuentes"]

1. d4 Nf6 2. Nf3 e6 3. e3 c5 4. Bd3 d5 5. b3 Bd6 6. Bb2 O-O 7. O-O b6 8. Nbd2
Bb7 9. Ne5 Nc6 10. a3 Qc7 11. f4 Rad8 12. Rf3 cxd4 13. exd4 Ne7 14. Rh3 Ng6 15.
g3 Bxe5 16. fxe5 Ne4 17. Qh5 h6 18. Nf3 Qc8 19. Bc1 Qc3 20. Rb1 Rd7 21. Bxh6
gxh6 22. Qxh6 Rc8 23. Rf1 Rcc7 24. Qh7+ Kf8 25. Rh6 Ng5 26. Nxg5 Qxd4+ 27. Kg2
1-0

[Event "Cto Aragon Equipos 2016 Pref Gr II"]
[Site "Aragon"]
[Date "2016.03.12"]
[Round "7.63"]
[White "Mombiela De Sus, Jose Luis"]
[Black "Bayona Bafaluy, Jose Maria"]
[Result "1-0"]
[WhiteElo "1926"]
[BlackElo "1823"]
[PlyCount "45"]
[EventDate "2016.01.30"]
[WhiteTeam "Las Fuentes"]
[BlackTeam "Binefar"]

1. c4 e6 2. g3 f5 3. Bg2 Nf6 4. Nf3 c6 5. O-O d5 6. d3 Nbd7 7. Nc3 Bd6 8. e4
O-O 9. Re1 fxe4 10. dxe4 Ng4 11. exd5 exd5 12. cxd5 Qb6 13. Ne4 Nde5 14. h3
Nxf3+ 15. Bxf3 Nxf2 16. Nxf2 Bc5 17. Qe2 Bxh3 18. Be3 Rae8 19. Bxc5 Rxe2 20.
Bxb6 Rxb2 21. Bd4 Rd2 22. Rad1 Rxa2 23. dxc6 1-0

[Event "Cto Aragon Equipos 2016 Pref Gr II"]
[Site "Aragon"]
[Date "2016.03.12"]
[Round "7.64"]
[White "Arino Castan, Federico"]
[Black "Javierre Conesa, Alfonso"]
[Result "0-1"]
[WhiteElo "1761"]
[BlackElo "1919"]
[PlyCount "102"]
[EventDate "2016.01.30"]
[WhiteTeam "Binefar"]
[BlackTeam "Las Fuentes"]

1. d4 d5 2. c4 c6 3. Nc3 Nf6 4. Bg5 Nbd7 5. e3 e6 6. Nf3 Qa5 7. Bxf6 Nxf6 8.
Nd2 Bd6 9. Bd3 O-O 10. a3 e5 11. b4 Qd8 12. Ne2 Re8 13. dxe5 Bxe5 14. Rb1 Bg4
15. Nf3 Bc7 16. h3 Bh5 17. g4 Bg6 18. Bxg6 fxg6 19. cxd5 Nxd5 20. Nfd4 Qh4 21.
Nf3 Qf6 22. Ned4 Kh8 23. Rb3 Rad8 24. Kf1 Rf8 25. Kg2 Qe7 26. Rd3 Qe4 27. Nb3
Rxf3 28. Qxf3 Qxd3 29. Nc5 Qc4 30. Ne6 Re8 31. Ng5 Nf6 32. Rd1 h6 33. Rd4 Qg8
34. h4 hxg5 35. hxg5 Qe6 36. gxf6 gxf6 37. Rd1 Kg7 38. Rd4 Bb6 39. Rf4 g5 40.
Rf5 Bd8 41. Kg1 Qe4 42. Qd1 Kg6 43. Rc5 Rh8 44. f3 Qxe3+ 45. Kg2 Re8 46. Qc2+
Kg7 47. Qf5 Qe2+ 48. Kg3 Qe1+ 49. Kg2 Qe2+ 50. Kg3 Bc7+ 51. Re5 Bxe5+ 0-1

[Event "Cto Aragon Equipos 2016 Pref Gr II"]
[Site "Aragon"]
[Date "2016.03.12"]
[Round "7.65"]
[White "Escuer Sanchez, Nestor"]
[Black "Accattato Martin, Mario"]
[Result "1/2-1/2"]
[WhiteElo "2066"]
[BlackElo "2240"]
[PlyCount "51"]
[EventDate "2016.01.30"]
[WhiteTeam "SMA Barbastro"]
[BlackTeam "Monzon"]

1. c4 c5 2. g3 Nc6 3. Bg2 g6 4. f4 e5 5. d3 Bg7 6. Nc3 Nge7 7. Nf3 d5 8. Nxd5
Nxd5 9. cxd5 Qxd5 10. O-O exf4 11. Bxf4 O-O 12. Ne5 Qd4+ 13. e3 Qxb2 14. Rb1
Qa3 15. Nxc6 bxc6 16. Bxc6 Bh3 17. Rf2 Rad8 18. Bb5 a6 19. Bc4 Be6 20. Qb3 Qxb3
21. Rxb3 Bxc4 22. dxc4 Rd1+ 23. Rf1 Rd2 24. Rf2 Rd1+ 25. Rf1 Rd2 26. Rf2
1/2-1/2

[Event "Cto Aragon Equipos 2016 Pref Gr II"]
[Site "Aragon"]
[Date "2016.03.12"]
[Round "7.66"]
[White "Citoler Serrat, Adriano"]
[Black "Andreu Sin, Raul"]
[Result "0-1"]
[WhiteElo "1936"]
[BlackElo "2060"]
[PlyCount "104"]
[EventDate "2016.01.30"]
[WhiteTeam "Monzon"]
[BlackTeam "SMA Barbastro"]

1. e4 e5 2. Nf3 Nc6 3. Bb5 a6 4. Ba4 Nf6 5. O-O b5 6. Bb3 Be7 7. Re1 O-O 8. a4
Bb7 9. c3 d6 10. d4 exd4 11. cxd4 d5 12. e5 Ne4 13. Nc3 Nxc3 14. bxc3 Na5 15.
Bc2 Nc4 16. Qd3 g6 17. axb5 axb5 18. Rxa8 Bxa8 19. g3 Bb7 20. e6 Bc8 21. Bh6
Re8 22. exf7+ Kxf7 23. h4 Bf5 24. Qe2 Bf6 25. Qxe8+ Qxe8 26. Rxe8 Kxe8 27. Bxf5
gxf5 28. Bf4 Kd7 29. Kf1 c5 30. Be3 b4 31. cxb4 cxb4 32. Ke2 b3 33. Nd2 b2 34.
Nb1 Be7 35. Kd3 Bb4 36. Bf4 h5 37. Bg5 Kc6 38. f3 Kd7 39. Bf4 Be1 40. Kc2 Bb4
41. Bg5 Be1 42. Bf4 Bf2 43. Nc3 Bxd4 44. Nb1 Bg7 45. Kd3 Kc6 46. g4 fxg4 47.
fxg4 hxg4 48. h5 Be5 49. Bxe5 Nxe5+ 50. Kc2 g3 51. h6 g2 52. h7 Ng6 0-1

[Event "Cto Aragon Equipos 2016 Pref Gr II"]
[Site "Aragon"]
[Date "2016.03.12"]
[Round "7.67"]
[White "Sig Vargas, Pablo"]
[Black "Barranco Mananet, Fernando"]
[Result "1/2-1/2"]
[WhiteElo "1885"]
[BlackElo "1837"]
[PlyCount "65"]
[EventDate "2016.01.30"]
[WhiteTeam "SMA Barbastro"]
[BlackTeam "Monzon"]

1. e4 c5 2. Nf3 e6 3. d4 cxd4 4. Nxd4 Nc6 5. Nc3 Qc7 6. Be3 a6 7. Qd2 Nf6 8.
O-O-O Bb4 9. f3 b5 10. a3 Ba5 11. Bf4 Bxc3 12. Bxc7 Bxd2+ 13. Rxd2 Bb7 14. Be2
O-O 15. h4 Rac8 16. Bd6 Rfe8 17. g4 Nxd4 18. Rxd4 e5 19. Rd2 Re6 20. Rhd1 Bc6
21. Kb1 Ne8 22. Bb4 Rf6 23. Rd3 Kh8 24. g5 Rf4 25. Rh1 f5 26. gxf6 Rxf6 27. Be7
Rf7 28. Bb4 h6 29. Rh3 Rd8 30. Ba5 Rc8 31. Bb4 Rd8 32. Ba5 Rc8 33. Bb4 1/2-1/2